000
00489nam a2200181Ia 4500
008
090123s9999 xx 000 0 und d
082
_b
40354
100
_a
पाटील शैलजा
245
_a
बंधन
250
_a
1
260
_b
मनोकामना प्रकाशन
_c
2006
300
_a
196
600
_a
पाटील शैलजा
630
_a
बंधन
700
_a
पाटील शैलजा
730
_a
बंधन
942
_c
BOOK
999
_c
78428
_d
78428